[Event "Llinars del Valles op 11th"]
[Site "Llinars del Valles"]
[Date "2017.05.06"]
[Round "3"]
[White "Nunez Ortiz, Damia"]
[Black "Navajas Adan, Joaquim"]
[Result "1/2-1/2"]
[WhiteElo "1679"]
[BlackElo "1853"]
[PlyCount "59"]
[EventDate "2017.04.22"]
[EventType "swiss"]
[EventRounds "9"]
[EventCountry "ESP"]
[SourceTitle "EXT 2018"]
[Source "ChessBase"]
[SourceDate "2017.10.13"]
[SourceVersion "1"]
[SourceVersionDate "2017.10.13"]
[SourceQuality "1"]

1. e4 c5 2. Nf3 Nc6 3. Nc3 a6 4. b3 e6 5. Bb2 d6 6. d4 cxd4 7. Nxd4 Qb6 8. Nxc6 Qxc6 9. Qd4 Nf6 10. Be2 e5 11. Qc4 Be6 12. Qxc6+ bxc6 13. Ba3 d5 14. Bxf8 Kxf8 15. f3 d4 16. Na4 Nd7 17. Rf1 g5 18. Bd3 Ke7 19. g3 f6 20. Kd2 h5 21. h4 g4 22. f4 a5 23. Nb2 Nb6 24. f5 Bf7 25. a3 Rhc8 26. b4 Rc7 27. c4 axb4 28. axb4 Rca7 29. Rxa7+ Rxa7 30. Kc2 1/2-1/2

[Event "Roncana op-A 7th"]
[Site "Santa Eulalia de Roncana"]
[Date "2013.11.09"]
[Round "5"]
[White "Navajas Adan, Joaquim"]
[Black "Hernandez Martinez, Carlos"]
[Result "0-1"]
[WhiteElo "1896"]
[BlackElo "1705"]
[PlyCount "36"]
[EventDate "2013.10.05"]
[EventType "swiss"]
[EventRounds "8"]
[EventCountry "ESP"]
[SourceTitle "CBM 157 Extra"]
[Source "ChessBase"]
[SourceDate "2013.12.19"]
[SourceVersion "1"]
[SourceVersionDate "2013.12.19"]
[SourceQuality "1"]

1. d4 Nf6 2. Nf3 e6 3. c4 Bb4+ 4. Bd2 Qe7 5. a3 Bxd2+ 6. Qxd2 Ne4 7. Qd3 f5 8. Nc3 Nxc3 9. Qxc3 d6 10. g3 b6 11. Bg2 Bb7 12. b4 Nd7 13. Rc1 Nf6 14. 0-0 Ne4 15. Qc2 Rc8 16. Qa4+ c6 17. Qxa7 Ra8 18. Qxb6 Ra6 0-1

[Event "Roncana op-A 7th"]
[Site "Santa Eulalia de Roncana"]
[Date "2013.10.19"]
[Round "3"]
[White "Navajas Adan, Joaquim"]
[Black "Rius Soler, Benjami"]
[Result "1-0"]
[WhiteElo "1896"]
[BlackElo "1777"]
[PlyCount "21"]
[EventDate "2013.10.05"]
[EventType "swiss"]
[EventRounds "8"]
[EventCountry "ESP"]
[SourceTitle "CBM 157 Extra"]
[Source "ChessBase"]
[SourceDate "2013.12.19"]
[SourceVersion "1"]
[SourceVersionDate "2013.12.19"]
[SourceQuality "1"]

1. e4 e6 2. d4 d5 3. e5 b6 4. Nf3 Ba6 5. Bxa6 Nxa6 6. c4 Qd7 7. cxd5 exd5 8. 0-0 g6 9. e6 fxe6 10. Ne5 Qb5 11. Nc3 1-0

[Event "Roncana op-A 7th"]
[Site "Santa Eulalia de Roncana"]
[Date "2013.10.12"]
[Round "2"]
[White "Boixader Arbo, Xavier"]
[Black "Navajas Adan, Joaquim"]
[Result "1/2-1/2"]
[WhiteElo "1687"]
[BlackElo "1896"]
[PlyCount "28"]
[EventDate "2013.10.05"]
[EventType "swiss"]
[EventRounds "8"]
[EventCountry "ESP"]
[SourceTitle "CBM 157 Extra"]
[Source "ChessBase"]
[SourceDate "2013.12.19"]
[SourceVersion "1"]
[SourceVersionDate "2013.12.19"]
[SourceQuality "1"]

1. e4 e6 2. d4 d5 3. exd5 exd5 4. c4 Nf6 5. Nc3 Be7 6. Bd3 0-0 7. Nf3 dxc4 8. Bxc4 c6 9. 0-0 Nbd7 10. Bf4 Nb6 11. Be2 Nbd5 12. Nxd5 Nxd5 13. Bg3 Bd6 14. Re1 Re8 1/2-1/2

[Event "Roncana op 4th"]
[Site "Santa Eulalia de Roncana"]
[Date "2010.10.16"]
[Round "3"]
[White "Navajas Adan, Joaquim"]
[Black "Fabre Massana, Miquel"]
[Result "1-0"]
[WhiteElo "1899"]
[BlackElo "2177"]
[PlyCount "83"]
[EventDate "2010.10.02"]
[EventType "swiss"]
[EventRounds "9"]
[EventCountry "ESP"]
[SourceTitle "EXT 2012"]
[Source "ChessBase"]
[SourceDate "2011.11.24"]
[SourceVersion "1"]
[SourceVersionDate "2011.11.24"]
[SourceQuality "1"]

1. d4 d5 2. Nf3 Nf6 3. g3 g6 4. Bg2 Bg7 5. c4 c6 6. cxd5 cxd5 7. Qb3 0-0 8. 0-0 Nc6 9. Nc3 Na5 10. Qd1 Bf5 11. Ne5 Rc8 12. Bd2 Nc4 13. Nxc4 Rxc4 14. Qb3 Rc7 15. Bf4 Rd7 16. Rac1 Nh5 17. Be3 e5 18. Rfd1 Be6 19. Qa4 a6 20. Qb4 Re8 21. Kf1 b5 22. a4 Bf8 23. Qb3 b4 24. Na2 Ng7 25. Rc6 Nf5 26. Qd3 a5 27. Nc1 exd4 28. Bxd4 Nxd4 29. Qxd4 Bg7 30. Qd2 d4 31. Nd3 Bb3 32. Ra1 Bd5 33. Bxd5 Rxd5 34. Rac1 Qd7 35. Nf4 Rde5 36. R6c5 Rxc5 37. Rxc5 Qxa4 38. Qd3 Qa1+ 39. Kg2 Qxb2 40. Rxa5 Qc3 41. Qb5 Rc8 42. Nd5 1-0

[Event "Llinars del Valles op-A 4th"]
[Site "Llinars del Valles"]
[Date "2010.04.10"]
[Round "1"]
[White "Navajas Adan, Joaquim"]
[Black "Lorenzo de la Riva, Lazaro"]
[Result "0-1"]
[WhiteElo "1922"]
[BlackElo "2383"]
[PlyCount "100"]
[EventDate "2010.04.10"]
[EventType "swiss"]
[EventRounds "7"]
[EventCountry "ESP"]
[SourceTitle "EXT 2012"]
[Source "ChessBase"]
[SourceDate "2011.11.24"]
[SourceVersion "1"]
[SourceVersionDate "2011.11.24"]
[SourceQuality "1"]

1. d4 Nf6 2. Nf3 g6 3. g3 Bg7 4. Bg2 0-0 5. 0-0 d6 6. c4 c6 7. Nc3 Qa5 8. Qc2 Qh5 9. Ne4 Bh3 10. Nxf6+ Bxf6 11. Bxh3 Qxh3 12. Qe4 Nd7 13. Bg5 Rfe8 14. Rfd1 Bg7 15. Rac1 h6 16. Be3 Nf6 17. Qh4 Qxh4 18. Nxh4 Ng4 19. Ng2 Rec8 20. h3 Nxe3 21. Nxe3 Kf8 22. b3 e6 23. d5 Ke7 24. Kg2 cxd5 25. cxd5 b5 26. Rxc8 Rxc8 27. Rd2 Kd7 28. dxe6+ fxe6 29. Rc2 Rb8 30. f4 a5 31. Kf3 Ra8 32. Ng4 h5 33. Nf2 a4 34. Ne4 axb3 35. axb3 Ra3 36. Nd2 b4 37. Rc4 Bc3 38. Nb1 Rxb3 39. Nxc3 bxc3 40. g4 d5 41. Rc5 Kd6 42. Rc8 c2+ 43. Kg2 Rb2 44. gxh5 gxh5 45. Kf2 d4 46. Ke1 Rb1+ 47. Kd2 c1Q+ 48. Rxc1 Rxc1 49. Kxc1 Kd5 50. Kd2 Ke4 0-1